02068cam a22003015i 4500999001700000001000900017003000900026005001700035008004100052020002500093040003800118082001900156100002700175245007600202264007700278300004500355336002600400336003300426337002800459338002700487504005100514520095100565650001901516650002801535653002501563942001201588952016601600 c28082d2805320814969EG-ScBUE20200213152230.0190118s2019 nyua f b 001 0 eng d a9780367025847 (pbk.) aDLCbengerdacDLCdDLCdEG-ScBUE04a745.4bALL2221 aAllen, Tania,eauthor.10aSolving critical design problems :btheory and practice /cTania Allen. 1aNew York ;aAbingdon, Oxon :bRoutledge / Taylor & Francis Group,c2019. axiv, 217 pages :billustrations ;c26 cm atextbtxt2rdacontent astill imagebsti2rdacontent aunmediatedbn2rdamedia avolumebnc2rdacarrier aIncludes bibliographical references and index. aSolving Critical Design Problems demonstrates both how design is increasingly used to solve large, complex, modern-day problems and, as a result, how the role of the designer continues to develop in response. With 13 case studies from various fields, including program and product design, Tania Allen shows how types of design thinking, such as systems thinking, metaphorical thinking, and empathy, can be used together with methods, such as brainstorming, design fiction, and prototyping. This book helps you find ways out of your design problems by giving you other ways to look at your ideas so that your designs make sense in their setting. Solving Critical Design Problems encourages a design approach that challenges assumptions and allows designers to take on a more critical and creative role. With over 100 images, this book will appeal to students in design studios, industrial and product design, as well as landscape and urban design. 7aDesign.2BUEsh 7aProblem solving.2BUEsh bCOMAMEcFebruary2020 2ddccBB 00102ddc40708AlahramaMAINbMAINc2NDd2020-02-13ePurchaseg579.00h488l1m2o745.4 ALLp000048626r2025-07-15 00:00:00s2021-12-13v733.75w2020-02-13yBB